Math Chain #1 - Sudden Death - Statistics

General Stats
  • This quiz has been taken 9,469 times
  • The average score is 9 of 16
Answers on the Grid
Answers color-coded by a green-red scale on the quiz's grid according to % correct below.
Start
1+7
0
0+2x2x8
1
Winner!
2
3
3x4+3
4
4x3
5
6
6-5
7
7-17+13
8
8-4
9
10
10x2+1/1
11
12
12+16
13
14
15
15+36/4
16
17
18
19
20
21
21-3x(4+3)
22
23
24
24/2+3x6
25
26
27
28
28/4
29
30
30-4x4-4
31
32
32/(1+1)-10
33
34
 
Answer Stats
Answer % Correct
Start
1+7
91%
8
8-4
85%
4
4x3
84%
12
12+16
83%
28
28/4
80%
7
7-17+13
78%
3
3x4+3
57%
15
15+36/4
54%
0
0+2x2x8
51%
24
24/2+3x6
46%
30
30-4x4-4
46%
1
Winner!
45%
32
32/(1+1)-10
39%
10
10x2+1/1
37%
21
21-3x(4+3)
35%
6
6-5
35%
No matching quizzes found
Score Distribution
Percent of People with Each Score
Percentile by Number Answered
Your Score History
You have not taken this quiz